000 00605pam a2200205 a 4500
001 3467416
005 20250603104820.0
008 930310s1993 ilu b 000 0 eng
020 _a1564761118
050 0 0 _aBV660.2
_b.L65 1993
082 0 0 _a253
_220
100 1 _aLondon, H. B.
245 1 0 _aPastors at risk :
_bhelp for pastors, hope for the church /
_cH.B. London, Jr. and Neil B. Wiseman.
260 _aWheaton, Ill., USA :
_bVictor Books,
_cc1993.
300 _a240 p. ;
_c24 cm.
650 0 _aClergy
_xOffice.
650 0 _aPastoral theology.
700 1 _aWiseman, Neil B.
942 _2lcc
_cBK
_n0
999 _c6193
_d6193